000 00464nam a22001817a 4500
999 _c6009
_d6009
003 GBCCL
005 20241126110554.0
008 180420b ||||| |||| 00| 0 eng d
020 _a8712007X
040 _cgbc
082 _a266
_bPER
245 _aPerspectives on world missions
250 _aSouth Asia version
260 _aBangalore:
_bNew Life Literature,
_c1998
300 _a387 p.;
_bill.,
_c29 cm.
650 _aMission
_zWorld
_910843
942 _2ddc
_cBK
_09